Statystyki dla Geograficzny alfabet - Państwa świata

Kliknij tutaj aby rozwiązać quiz!

Ogólne statystyki

  • Ten quiz został rozwiązany 685 razy
  • Średni wynik to 11 z 23

Statystyki odpowiedzi

LiteraMiastaPaństwo% Poprawnych
BBelize City, San IgnacioBelize
81%
ŁDaugavpils, LiepājaŁotwa
77%
OSalalah, SeebOman
75%
WĐà Nẵng, Hồ Chí Minh CityWietnam
74%
EAlexandria, SuezEgipt
71%
FEspoo, OuluFinlandia
64%
ZBulawayo, ChitungwizaZimbabwe
61%
HSan Pedro Sula, CholomaHonduras
60%
AShkodër, KorçëAlbania
56%
IHafnarfjörður, AkureyriIslandia
52%
USamarkand, BukharaUzbekistan
50%
CAntofagasta, ValparaisoChile
48%
JPortmore, Montego BayJamajka
48%
KMombasa, KisumuKenia
44%
LEsch-sur-Alzette, DifferdangeLuksemburg
35%
DAli Sabieh, TadjouraDżibuti
33%
GNew Amsterdam, Anna ReginaGujana
33%
RButare, GitaramaRwanda
29%
MErdenet, DarkhanMongolia
23%
TChaguanas, San FernandoTrynidad i Tobago
22%
NWalvis Bay, KeetmanshoopNamibia
19%
PAirai, KororPalau
16%
SLelydorp, Nieuw NickerieSurinam
13%

Rozkład punktacji

Percentyl według liczby udzielonych odpowiedzi

Procent ludzi z każdym wynikiem

Twoja historia wyników

Nie rozwiązałeś tego quizu